Anime of the Year (2020) - 7th Anime Trending Awards - Statistics

General Stats
  • This quiz has been taken 6 times
  • The average score is 3 of 18
Answer Stats
Hint Answer Season Source Studio Votes % % Correct
6 Jujutsu Kaisen 2020 Fall Manga MAPPA 4558 8.26%
100%
5 My Teen Romantic Comedy SNAFU Climax 2020 Summer Light novel feel 4672 8.47%
40%
4 Re:Zero - Starting Life in Another World S2 2020 Summer Light novel White Fox 4752 8.62%
40%
11 Sword Art Online Alicization: War of the Underworld Part II 2020 Summer Light novel A-1 Pictures 2356 4.27%
40%
7 A Certain Scientific Railgun T 2020 Winter Manga JC Staff 4472 8.11%
20%
14 Haikyu!! To the Top 2020 Winter Manga Production I.G 2063 3.74%
20%
8 Kaguya-sama: Love is War S2 2020 Spring Manga A-1 Pictures 3190 5.78%
20%
16 Tower of God 2020 Summer Web manga Telecom Animation Films 1113 2.02%
20%
1 Akudama Drive 2020 Fall Original Studio Pierrot 5345 9.69%
0%
2 Fruits Basket S2 2020 Spring Manga TMS Entertainment 5033 9.12%
0%
9 ID:Invaded 2020 Winter Original NAZ 2600 4.71%
0%
18 In/Spectre 2020 Winter Manga Brain's Base 547 0.99%
0%
17 My Next Life as a Villainess 2020 Spring Light novel Silver Link 922 1.67%
0%
13 Rent-a-Girlfriend 2020 Summer Manga TMS Entertainment 2102 3.81%
0%
12 Sing 'Yesterday' for Me 2020 Spring Manga Doga Kobo 2282 4.14%
0%
10 Toilet-bound Hanako-kun 2020 Winter Manga Lerche 2490 4.51%
0%
15 TONIKAWA: Over the Moon for You 2020 Fall Manga Seven Arcs 1900 3.44%
0%
3 Wandering Witch: The Journey of Elaina 2020 Fall Light novel C2C 4762 8.63%
0%
No matching quizzes found
Score Distribution
Percent of People with Each Score
Percentile by Number Answered
Your Score History
You have not taken this quiz